Το νάμιν Β' : του Κώστα Μόντη του χονδροδάχτυλου τ' αναρκοδόντη

Αποθηκεύτηκε σε:
Λεπτομέρειες βιβλιογραφικής εγγραφής
Κύριος συγγραφέας: Βασιλείου, Κώστας
Άλλοι συγγραφείς: Φτωχόπουλος, Βάσος (edt [Επιμελητής])
Μορφή: Βιβλίο
Γλώσσα:Greek
Δημοσίευση: Λευκωσία : Εκδόσεις Αιγαίον, 2015.
Θέματα:
Ετικέτες: Προσθήκη ετικέτας
Δεν υπάρχουν, Καταχωρήστε ετικέτα πρώτοι!

MARC

LEADER 00000cam a2200000 a 4500
001 1/118080
008 190213s2015####cy | ||| |||| ||gre||
020 |a 9789963718559 
040 |a GR-MyUa  |b gre  |c GR-MyUa  |e AACR2 
041 0 |a gre 
082 7 |a 889.10904   |2 (23) 
100 1 |a Βασιλείου, Κώστας. 
245 1 3 |a Το νάμιν Β' :   |b του Κώστα Μόντη του χονδροδάχτυλου τ' αναρκοδόντη /   |c Κώστας Βασιλείου.  
260 |a Λευκωσία :   |b Εκδόσεις Αιγαίον,   |c 2015.  
300 |a 141 σ. :   |b εικ., φωτ. ;   |c 24 εκ.  
500 |a Περιέχει υποσημειώσεις.  
504 |a Περιλαμβάνει βιβλιογραφικές παραπομπές.  
650 0 |a Cyprian poetry. 
650 0 |a Greek poetry, Modern  |z Cyprus. 
700 1 |a Φτωχόπουλος, Βάσος,  |e edt [Επιμελητής] 
852 |a INST  |b RHODES  |e 20190213  |h 889.10904 ΒΑΣ  |p 005400040439  |q 005400040439  |t BK  |y 0 
970 |a Μαρία  |b Κωτάκου  |z 13-02-2019